| 000 | 00587cam a2200205 4500 | ||
|---|---|---|---|
| 008 | 090401t1989 xxu||||| |||| 00| 0 eng d | ||
| 020 | _a0117014516 | ||
| 035 | _a(Sirsi) u64783 | ||
| 041 | _aeng | ||
| 050 | _a711.52 | ||
| 110 |
_aAudit Commission for Local Authorities in England and Wales _92030 |
||
| 245 | _aUrban regeneration and economic development: the local government dimension | ||
| 260 |
_aLondon _bHMSO _c1989 |
||
| 300 | _a77p. ; 30cm. | ||
| 350 | _a8.2 | ||
| 650 | _aINNER CITY REDEVELOPMENT | ||
| 650 | _aLOCAL AUTHORITIES | ||
| 942 | _n0 | ||
| 948 | _c04/03/1997 | ||
| 999 |
_c94703 _d94703 |
||